Most Populated Countries in 2050 - Statistics

General Stats
  • This quiz has been taken 108 times
  • The average score is 25 of 30
Answer Stats
Population Countries % Correct
1,303,723,332 China
99%
422,554,384 United States of America
99%
1,656,553,632 India
98%
129,908,086 Russia
97%
232,304,177 Brazil
96%
69,484,481 France
96%
71,541,906 Germany
95%
71,153,797 United Kingdom
95%
147,907,650 Mexico
94%
290,847,790 Pakistan
94%
402,425,535 Nigeria
92%
137,872,522 Egypt
91%
300,183,166 Indonesia
91%
107,209,536 Japan
90%
100,044,564 Iran
88%
61,145,852 Italy
87%
250,155,274 Bangladesh
86%
69,611,256 Thailand
85%
144,805,434 Democratic Republic of the Congo
84%
171,964,187 Philippines
83%
111,173,583 Vietnam
83%
228,066,276 Ethiopia
82%
100,955,188 Turkey
82%
59,129,521 Sudan
70%
70,755,460 Kenya
69%
70,673,160 Burma
63%
118,586,412 Tanzania
63%
63,795,418 Afghanistan
48%
93,476,229 Uganda
45%
58,998,457 Mozambique
43%
No matching quizzes found
Score Distribution
Percent of People with Each Score
Percentile by Number Answered
Your Score History
You have not taken this quiz